000 00896nam a22002537a 4500
005 20170123162345.0
010 _aA-304630
020 _c23.00
035 _aA-304630
037 _bCen Lib/Ret
040 _aDPL
_bUR
082 _a480.4
_bق د و
100 _aقدوآیی، صدیق الرحمان
_9111023
245 _aدیللی کے سچولوں میں اردو نصاب کے مسائل
_cصدیق الرحمان قدوآیی
246 _aDilli ke schoolon mein urdu nisab ke masail /
_bby Sadiq-Ur-Rahman Qidwai
260 _aدہلی
_bاردو اکادمی
_c1987
270 _aاردو بازار
_bدہلی
_e110006
300 _a187p.
_c21cm(Hb)
650 _aاردو زبان
_9130308
650 _a اردو مضامین
_9130309
650 _aUrdu language
_9130310
650 _aUrdu Articles
_9130311
942 _2ddc
_cUR
_h480.4
_mق د و
999 _c108807
_d108807